00679nam a2200229 a 4500001001300000003000900013005001700022008004100039020001000080082001900090100001600109245004300125260005200168300000800220500003500228650001600263700001600279902000800295942000700303952012200310999001700432nice12345678IN_TiNIC20260116015317.0071001s2004 newa grp 000 0 eng  ac20000a305.40954bJOH aJohn, Jacob aWomen in Governanceb Road and Success aNew Delhi bInstitute of Social Sciences c2004 a136 aincludes index and biblioraphy aWomen-India1 aJohn, Jacob bSRS cBK 001040708StackRoom-aHMIbHMId2007-10-01g200.00l0o305.40954 JOHp11001833r2007-10-01v200.00w2007-10-01yBK c19183d19183